=LDR 00000nam 2200000 4500 =001 INLIS000000000028044 =005 20130612130357 =008 ***********************************Ind** =035 ##$$0010-061300000028044 =041 ##$$a Ind =082 ##$$a 530.07 =090 ##$$a 530.07, Uma f =100 ##$$a Umar, Efrizon =245 ##$$a Fisika dn kecakapan hidup, Efrizon Umar; editor Abraham Tonapan =260 ##$$a 2004 $b Bandung =300 ##$$a ...Jild, ilus, 23 cm =650 ##$$a Fisika - Studi dan Pengajaran =850 ##$$a NBPNMAT